[Event "Goodricke op 12th"]
[Site "Kolkata"]
[Date "2001.02.08"]
[Round "3"]
[White "Vladimirov, Yevgeniy"]
[Black "Ghaem Maghami, Ehsan"]
[Result "1-0"]
[WhiteElo "2612"]
[BlackElo "2504"]
[Annotator "Stohl,I"]
[PlyCount "119"]
[EventDate "2001.02.06"]
[EventType "swiss"]
[EventRounds "11"]
[EventCountry "IND"]
[SourceTitle "CBM 082"]
[Source "ChessBase"]
[SourceDate "2001.05.17"]
[SourceVersion "1"]
[SourceVersionDate "2001.05.17"]
[SourceQuality "1"]

1. c4 Nf6 2. Nf3 c5 3. d4 cxd4 4. Nxd4 e5 5. Nb5 d5 6. cxd5 Bc5 7. d6 {Now
White won't be able to retain his extra pawn, but he wants to gain some
durable positional advantage instead.} Bb6 $146 {Time-consuming.} ({More
logical is} 7... O-O 8. N1c3 (8. Nc7 $2 Ne4 9. e3 Bb4+ 10. Nd2 Qxd6 11. Nxa8
Rd8 12. Be2 Nxd2 13. Bxd2 Bxd2+ 14. Kf1 Nc6 15. Qc2 Qb8 16. a3 Qxa8 17. b4 Qb8
18. Bd3 g6 19. Rd1 Bxb4 20. axb4 Nxb4 21. Qc3 Nxd3 22. Rxd3 Rxd3 23. Qxd3 Be6
$17 {Teske,H-Salmensuu,O/Koszalin op/1999/}) 8... Nc6 (8... Ne8 9. Qd5 Qb6 10.
e3 a6 11. Na4 Qa5+ 12. Nbc3 Nd7 13. Nxc5 (13. Bd2 $6 Nef6 14. Qb3 Qd8 15. Nxc5
Nxc5 16. Qa3 Qxd6 17. Na4 Nfe4 18. Bb4 Qf6 $1 19. f3 Qh4+ 20. g3 Nxg3 21. hxg3
Qxg3+ 22. Ke2 e4 23. Bxc5 Rd8 24. Bd4 Qxf3+ 25. Kd2 Qxh1 26. Nb6 Rxd4+ {
0-1,Bang,A-Juergens,V/Copenhagen/1990/}) 13... Qxc5 14. Qxc5 Nxc5 15. b3 $16)
9. g3 (9. e3 Bf5 (9... a6 $142 $11) 10. Bd3 $2 (10. a3 $5 a6 11. Na4 $14) 10...
e4 11. Be2 a6 12. Nc7 Rc8 13. N7d5 Qxd6 14. Nxf6+ Qxf6 15. Bg4 Rcd8 16. Qe2 Ne5
$17 {Voelzke,K-Lorenz,S/RL-NN/1988/}) 9... a6 $5 (9... Qb6 10. e3 Bg4 11. f3
Bf5 12. Na4 Bb4+ 13. Kf2 Qd8 14. a3 Ba5 15. e4 Be6 16. b4 a6 17. Nbc3 b5 18.
Nc5 Nxb4 19. axb4 Bxb4 20. Nxe6 fxe6 21. Na2 Bc5+ 22. Kg2 Bd4 23. Rb1 $16 {
Bang,A-Sandstrom,L/Copenhagen/1989/}) 10. Nc7 Ra7 11. Bg2 Bxd6 12. N7d5 Nxd5
13. Nxd5 b5 14. O-O Rd7 $11) (7... Ne4 8. e3 (8. Nc7+ $4 Qxc7 9. Qa4+ Qc6 $19)
8... Bb4+ 9. Bd2 Bxd2+ (9... Nxd2 10. Nc7+ Kf8 11. Nxd2 $16) 10. Nxd2 Nxd6 11.
Nf3 Nxb5 12. Bxb5+ Bd7 13. Bxd7+ Nxd7 14. Qa4 O-O 15. Rd1 Nc5 16. Qa3 Qc7 17.
Rd5 $36) (7... Na6 8. e3 O-O (8... Bg4 $142 $5) 9. Be2 $1 Bf5 10. a3 Qd7 11. b4
Bb6 12. N1c3 Rad8 13. Bb2 Qe6 14. Na4 Nc7 15. Nxc7 Bxc7 16. Nc5 Qc8 17. Bxe5
$18 {Van der Linde,M-Riemens,A/NLD-chT9495/1994/}) 8. N1c3 O-O 9. g3 a6 10. Nc7
$5 (10. Na3 Be6 11. Bg2 Nc6 12. O-O Ne8 $5 13. Ne4 h6 {[%cal Yf7f5] /\f5 can't
hold on to the extra P, so White wants to gain the ^^ at least-see the note
above.}) 10... Bxc7 11. dxc7 Qxc7 12. Bg2 Rd8 13. Bd2 (13. Qb3 $6 Nc6 $32)
13... Nc6 14. O-O Bg4 15. h3 Be6 $11 {[%cal Rc7d7] /\Qd7} 16. Kh2 {Although
White has achieved his goal, Black's pieces are very active and at this moment
he still holds the balance.} h6 (16... Rd7 17. Qc1 Rc8 $11 (17... Rad8 $6 18.
Bg5 $36) (17... Nd5 18. Na4 $36)) (16... Nd5 $2 17. Bxd5 Bxd5 18. Bg5 Bg2 (
18... f6 19. Bxf6 gxf6 20. Nxd5 $18) 19. Bxd8 Rxd8 20. Kxg2 Rxd1 21. Rfxd1 $16)
17. Qc1 Rac8 (17... Rd7 18. Rd1 Rad8 $11) (17... Nd5 $5 {/\} 18. Ne4 Rac8 19.
Nc5 $6 Qe7 $1 20. Nxe6 Qxe6 $32 {|^}) 18. Rd1 b5 (18... Nd5 $2 19. Bxd5 Bxd5
20. Bxh6 $16) (18... Nd4 $142 19. e3 Nc6 {[%cal Rc6b4,Rb4d3] /\Nb4-d3<=>}) 19.
Be1 Rxd1 20. Qxd1 Ne7 (20... Rd8 $142 21. Qc1 $11) 21. a3 Rd8 22. Qc2 Bf5 (
22... Bd5 23. e4 (23. Bxd5 Nexd5 24. Rc1 Rc8 $11 {Without the ^^ White has no
hopes for any edge.}) 23... Bb7 24. Rd1 Rd4 $5 25. Qe2 $11 {[%cal Ye1d2,Yd2e3]
/+/=,/\Bd2-e3}) 23. e4 Be6 24. Rd1 Rxd1 25. Qxd1 Qd7 26. f4 $1 $14 {White has
finally unraveled his position and in the arising _|_ he can claim a tiny, but
nagging edge. But it can evaporate after a single inaccuracy.} Qxd1 (26... exf4
27. gxf4 Qc7 28. Bg3 $36) 27. Nxd1 Nd7 $1 {Against a ^^ it's better to keep
the position closed.} (27... exf4 $143 28. gxf4 Bb3 29. Nc3 $14 {|^}) 28. Ne3
$6 {White needs this square for his K.} (28. Bc3 $142 f6 (28... exf4 29. gxf4
f5 30. Ne3 $1 $36) 29. Kg1 Bb3 30. Nf2 $14) 28... f6 29. Bc3 Kf7 30. Kg1 Bb3 $1
31. Kf2 Nc5 (31... exf4 $5 32. gxf4 g5 33. Kg3 Ng6 $11) 32. fxe5 (32. Ke2 $2
exf4 33. gxf4 Ng6 $17) (32. Nf1 Na4 $15) 32... fxe5 33. Nd5 $2 (33. Ke2 $142
Nc6 34. Kd2 Na4 $11) (33. Bxe5 $4 Nd3+ $19) 33... Nxe4+ $2 (33... Nxd5 34. exd5
Ke7 $1 {[%cal Re7d6,Rb3d5] /\Kd6,Bd5=/+ wins a pawn, although White should
still be able to draw the _|_.}) 34. Bxe4 Bxd5 (34... Nxd5 35. Bxe5 $16) 35.
Bxd5+ Nxd5 36. Bxe5 $16 {[%csl Rd5,Ge5][%mdl 4096] _|_ White has the much
better minor piece and open inroads to penetrate with his K on either the <<
or the >>,} g6 (36... Ne7 37. Ke3 Nc6 38. Ke4 {[%cal Re4d5] /\Kd5+- and Black
misses a crucial tempo to play Ke6 with a fortress.} Nxe5 39. Kxe5 Ke7 40. b3
Kd7 41. Kd5 $18) 37. Kf3 Ke6 38. Bg7 $2 (38. Ke4 $142 $1 Ne7 $1 39. Bf4 $8 (39.
Bc3 Nc6 $11) (39. Bg7 Nf5 $11) 39... g5 (39... h5 $143 40. Kd4) 40. Bd2 $16)
38... h5 39. Ke4 Kd6 $2 (39... Ne7 $1 40. Bc3 Nc6 $11) 40. Bf8+ Ke6 (40... Kc6
41. Ke5 $22 $18) 41. Kd4 Nf6 42. Bh6 Kf5 (42... Kd6 43. Bf4+ $18) 43. Bd2 $1 {
White first defends g3 before advancing his K.} g5 (43... Ke6 44. Bg5 Nd7 45.
Bf4 $22 {Zugzwang is White's main weapon in forcing his K into Black's camp.})
44. Be1 g4 45. h4 Nd7 46. b3 $5 ({White patiently prevents} 46. Kd5 Nb6+ 47.
Kc6 Nc4) 46... Ke6 47. Bd2 Ne5 (47... Kd6 48. Bf4+ Ke6 49. Bc7 $22 $18) 48. Bf4
Nc6+ 49. Kc5 Na5 (49... Ne7 {only postpones the inevitable:} 50. Bd2 Nd5 51.
Kc6 $18) 50. b4 Nc4 51. a4 $18 {Wins material and the game.} Nb2 52. axb5 axb5
(52... Nd3+ 53. Kc4 Nxf4 54. bxa6 $1 (54. b6 $2 Kd7 $1 $19) 54... Nd5 55. Kc5
Nc7 56. a7 Kd7 57. b5 Na8 58. b6 Kc8 59. Kc6 $18) 53. Kxb5 Kd5 54. Bb8 (54. Ka6
$143 Nd3 55. Bd2 Kc4 56. Ka5 $1 $18 {[]}) 54... Nd3 55. Bc7 $1 Kd4 (55... Nb2
56. Ka6 Nd3 57. b5 $18) 56. Ka5 Kd5 57. b5 Kc5 58. Bb8 $22 {The N is helpless
against the B.} Kd5 (58... Nb2 59. Ka6 Nc4 60. Bf4 $18) 59. Kb6 Kc4 60. Bd6 {
[%cal Rb6c6,Rb5b7] /\Kc6,b6-b7 Once again dominates the N.} 1-0

[Event "Lazne Bohdanec"]
[Site "Lazne Bohdanec"]
[Date "1994.??.??"]
[Round "8"]
[White "Hausner, Ivan"]
[Black "Rogers, Ian"]
[Result "0-1"]
[WhiteElo "2480"]
[BlackElo "2565"]
[Annotator "Stohl,I"]
[PlyCount "124"]
[EventDate "1994.02.??"]
[EventType "tourn"]
[EventRounds "11"]
[EventCountry "CZE"]
[EventCategory "10"]
[SourceTitle "CBM 040"]
[Source "ChessBase"]
[SourceDate "1994.06.01"]
[SourceVersion "1"]
[SourceVersionDate "1994.06.01"]
[SourceQuality "1"]

1. d4 Nf6 2. c4 c5 3. Nf3 cxd4 4. Nxd4 e5 5. Nb5 d5 6. cxd5 Bc5 7. N5c3 (7. e3
O-O 8. Be2 a6 9. N5c3 e4 10. O-O Re8 11. Nd2 Bf5 12. Nb3 Ba7 13. Nd4 Bg6 14. f4
exf3 15. Bxf3 Nbd7 16. Kh1 Nc5 17. g3 Nce4 18. Nxe4 Bxe4 19. b3 Bxd4 20. Qxd4
Bxf3+ 21. Rxf3 Re4 22. Qd1 Qxd5 $15 {_|_,Madsen,P-Mortensen,E/Vejle/1994/})
7... O-O 8. g3 (8. h3 Bf5 (8... e4 9. g4 Qe7 10. Bg2 h6 11. Nd2 Bxf2+ 12. Kxf2
e3+ 13. Kg1 exd2 14. Qxd2 Rd8 15. Qe3 Qb4 16. Qf4 Qb6+ 17. Qf2 Qb4 18. a3 Qb3
19. e4 Nbd7 20. g5 $16 {Tomaszewski-Schon/Naleczow/1988/}) 9. e3 Bg6 10. g4 e4
11. Bg2 Na6 $5 (11... Re8 12. O-O Na6 13. Nd2 Bb4 14. Nb3 h5 15. g5 Bxc3 16.
bxc3 Nxd5 17. c4 Ndb4 18. Qxd8 Raxd8 19. h4 Nd3 20. Ba3 Nab4 21. Bxb4 Nxb4 22.
Nd4 Nd3 23. Rfb1 $10 {Ostojic,N-Oniscuk,A/Leningrad/1991/}) 12. g5 Nb4 13. gxf6
Nd3+ 14. Kd2 Qxf6 15. Rf1 Rfe8 16. a3 b5 17. Ra2 h5 $44 18. Nxb5 $2 Qg5 19. Bh1
Nxf2 20. Qe2 Nxh1 21. Rxh1 Qxd5+ 22. Kc2 Qxa2 $19 {Aseev,K-Smirin,I/Klaipeda/
1988/}) (8. a3 a5 9. b3 Na6 10. e3 e4 11. Bb2 Qe7 12. Nd2 Rd8 13. Qc2 Bf5 14.
Be2 h5 15. Nc4 Nxd5 16. O-O Qg5 17. Rfd1 Nxc3 18. Qxc3 Bh3 19. Qxg7+ Qxg7 20.
Bxg7 Kxg7 21. gxh3 b6 22. Bxh5 $14 {Hort,V-Cramling,P/Biel Mixed/1991/}) 8...
Qb6 (8... Ng4 9. Ne4 (9. e3 f5 10. Be2 Nf6 11. a3 Nbd7 12. b4 Bd6 13. Nd2 Nb6
14. Nb3 Kh8 15. Ra2 Bd7 16. Nc5 Bxc5 17. bxc5 Nbxd5 $1 18. Nxd5 Ba4 19. Qd3
Nxd5 20. O-O Bc6 21. Rd2 Qe7 22. Qc4 Nf6 23. f3 f4 $13 {Peshina-Vaganjan/
Spartakiada/1979/}) 9... Bb6 10. h3 f5 11. hxg4 fxe4 12. e3 Qf6 13. Rh2 Na6 (
13... Nd7 $5 14. Nc3 Qg6 15. g5 Nc5 16. b4 Na6 17. a3 Bf5 18. Qh5 Qd6 19. Bg2
Bg6 20. Qh3 Bf5 21. g4 Bg6 22. Nxe4 Qc7 $44 {Tobyas,M-Knazovcik,L/Praha ch-CS/
1992/}) 14. Nc3 Qg6 15. Bxa6 bxa6 16. g5 Bf5 17. Qa4 Rac8 18. Bd2 Bd8 19. O-O-O
Bg4 20. Re1 Bxg5 21. Kb1 Rfd8 $13 {Hausner,I-Mainka,R/BL 8990/1990/}) (8... e4
9. Bg2 Re8 10. O-O e3 11. f3 h5 12. Na3 a6 13. Ne4 Nxe4 14. fxe4 Nd7 15. Qb3
Nf6 16. Bxe3 Bxe3+ 17. Qxe3 Nxd5 18. Qd4 Nf6 19. Qxd8 Rxd8 20. Rfd1 Be6 21. b3
Ng4 22. e5 Rxd1+ 23. Rxd1 Rb8 24. Bf3 Nxe5 25. Bxh5 $14 {Ubilava,E-Hodgson,J/
ESP-chT/1993/}) (8... Re8 9. Bg2 e4 10. Na3 e3 11. Bxe3 Bxe3 12. fxe3 Ng4 13.
Nc2 Qb6 14. O-O Qxb2 15. Qd3 Qb6 16. d6 Ne5 17. Qb5 Nbd7 18. Qxb6 Nxb6 19. Nb4
Rd8 20. Rfd1 Nec4 21. Nbd5 $36 {Hausner,I-Hall,J/Rilton-Cup/1988/}) 9. e3 Bg4
10. Be2 Bxe2 $5 $146 (10... Bh3 11. Rg1 Bf5 12. a3 Rd8 13. b4 Bf8 14. g4 Bg6
15. g5 Ne8 16. e4 Nc6 17. h4 $16 {Skulener,W-Cmiel,T/Porz-op28/1992/}) 11. Qxe2
e4 $44 12. O-O Bb4 13. Qc4 (13. a3 $5 Bxc3 14. Nxc3 Qb3 15. Qb5 Qxb5 16. Nxb5
Na6 $132) 13... Re8 14. Qd4 $6 (14. Nd2 $142 Bxc3 15. bxc3 Qd6 $10) 14... Nbd7
$1 (14... Qxd4 15. exd4 Nbd7 16. Bg5 $14) 15. Qxb6 Nxb6 16. Rd1 Rad8 $15 17. a3
(17. b3 Nfxd5 18. Bb2 $15) 17... Bf8 18. b3 Nfxd5 {׫} 19. Bb2 f5 20. Ne2 $2 (
20. Nxd5 Nxd5 (20... Rxd5 21. Nc3 $10) 21. Nd2 $15 {/\Nc4<=>} (21. Nc3 $2 Nxc3
22. Bxc3 Rxd1+ 23. Rxd1 Bxa3 24. Rd7 Re7 $17)) 20... Nf4 $1 21. Nd4 $8 (21.
Rxd8 Nxe2+ 22. Kf1 Nxg3+ $1 $17) 21... Nd3 22. Bc3 g6 23. Ra2 Nd5 $17 {()} 24.
Ba1 Rc8 25. Nd2 (25. Rc2 Rxc2 26. Nxc2 Rc8 $17) 25... Rc5 26. Kg2 Rec8 (26...
Bh6 $5 {/\Be3-+}) 27. g4 Ne7 28. gxf5 gxf5 29. Nc4 {/\Nd6} Ng6 30. a4 Rd5 31.
Kh1 Bg7 32. Rg1 b6 33. Rg5 (33. Rd2 Nc5 $36 {><b3}) 33... Bxd4 $1 34. Bxd4 Ne1
35. Nd2 $8 Rc1 (35... Nf3 36. Nxf3 exf3 37. h4 $132) 36. Rg1 Rd1 37. Nc4 (37.
Ra1 Rxa1 38. Bxa1 Rxd2 39. Rxe1 Rxf2 $17) 37... Kf7 38. Re2 R1xd4 $8 39. exd4 (
39. Rgxe1 Rd3 $36 {()}) 39... Nf3 40. Rd1 (40. Rc1 $5) 40... Nf4 41. Rc2 Nd3
$44 42. Ne3 Rxd4 43. Rf1 (43. Nxf5 $2 Nxf2+ 44. Rxf2 Rxd1+ 45. Kg2 Rg1+ $19)
43... f4 44. Nf5 (44. Nc4 Rd5 {/\Rh5->}) 44... Rd5 45. Rc7+ Kf6 46. Ng7 $8 Rg5
47. Ne8+ Ke5 48. Re7+ Kd4 49. Rg7 (49. Rd7+ Kc3 $17) 49... Rh5 50. Rg2 Ke5 $5 {
פe8} 51. Rd1 $6 (51. Nc7 Nd2 $17) 51... Nxh2 $1 $19 52. Rxh2 $8 Nxf2+ 53. Kg1
Rxh2 54. Rd7 Ng4 55. Re7+ Kd4 (55... Kf5 56. Rf7+ Kg5 $5 57. Rg7+ Kh4 58. Rxg4+
(58. Rxh7+ Kg3 $19) 58... Kxg4 59. Kxh2 Kf3 $19) 56. Nf6 Nxf6 $1 57. Kxh2 f3
58. Kg3 Ke3 {/\f2-+} 59. Re5 f2 60. Rf5 Nh5+ 61. Kg2 Nf4+ 62. Kf1 Kf3 {/\e3-e2}
0-1

[Event "Moscow Aeroflot op-A"]
[Site "Moscow"]
[Date "2005.02.15"]
[Round "1"]
[White "Akopian, Vladimir Eduardovic"]
[Black "Dvoirys, Semen I"]
[Result "1-0"]
[WhiteElo "2693"]
[BlackElo "2595"]
[Annotator "Stohl,I"]
[PlyCount "111"]
[EventDate "2005.02.15"]
[EventType "swiss"]
[EventRounds "9"]
[EventCountry "RUS"]
[SourceTitle "CBM 106"]
[Source "ChessBase"]
[SourceDate "2005.06.06"]
[SourceVersion "1"]
[SourceVersionDate "2005.06.06"]
[SourceQuality "1"]

1. Nf3 Nf6 2. c4 c5 3. g3 Nc6 4. Bg2 d6 $5 ({Black tries to avoid the line} 
4... g6 5. Nc3 Bg7 6. d4 cxd4 7. Nxd4 {-A39 , in which he has more problems
with developing his Bc8.}) 5. d4 cxd4 6. Nxd4 Bd7 7. O-O g6 8. Nc3 Bg7 9. Nc2 {
[%cal Ye2e4,Yc2e3] /\Ne3,e4 White decides to avoid possible exchanges an
increases his [+] control, especially over d5.} (9. b3 h5 $5 (9... O-O 10. Bb2
Qa5 11. Rc1 Rfc8 $11) 10. Bb2 h4 11. Nd5 hxg3 12. hxg3 Ne5 13. Nf3 Nxd5 14.
Nxe5 Nc7 15. Nd3 Bxb2 16. Nxb2 Bc6 17. Bxc6+ bxc6 18. Kg2 Qd7 19. Rh1 Rxh1 20.
Qxh1 Qf5 21. Nd3 Qe4+ 22. Kg1 Qxh1+ 23. Kxh1 c5 $11 {/=/+,Milov,L-Lerner,K/
Donetsk zt/1998/}) 9... h5 $5 {Dvoirys applies the ambitious idea from the
above example. More solid alternatives give White a chance to aspire for a
slight edge due his ().} (9... Qa5 10. Ne3 (10. Nd5 Nxd5 11. cxd5 Ne5 12. Bd2
Qa6 13. Bc3 O-O 14. f4 Ng4 15. Bxg7 Kxg7 16. Qd4+ Kg8 17. Nb4 Qb6 18. Qxb6 axb6
19. Rfc1 Rfc8 20. Bf3 h5 21. b3 Rc5 22. Nd3 Rxc1+ 23. Nxc1 Rc8 $11 {
Schwalfenberg,J-Krivoshey,S/Untergrombach/2001/}) 10... O-O 11. Bd2 Rfc8 12.
Rc1 Qh5 13. Ned5 Nxd5 14. Nxd5 Rab8 15. b4 e6 16. Nf4 Qf5 17. Be3 Qe5 18. Qd2
Qb2 19. Qxd6 Be8 20. Qd2 $1 b6 21. Nd3 Qxd2 22. Bxd2 Nd4 23. Rfe1 $16 {
Wojtkiewicz,A-Shulman,Y/Stillwater m/2005/}) ({Interesting is the yet untested
idea} 9... O-O 10. Bd2 Be6 $5 11. Ne3 Qd7 12. Re1 Rfc8 $132) 10. Bg5 {White
doesn't pay too much attention to Black's >> activity, but doesn't completely
ignore it either - either way it's difficult to claim anything from the
opening.} (10. h4 {promises nothing after} Qc8 11. b3 (11. Re1 Ne5 12. b3 Bh3
13. Bh1 Neg4 14. Bd2 Rb8 15. Rc1 Qc5 16. e3 g5 $1 17. b4 Qf5 18. f3 gxh4 19.
fxg4 Bxg4 20. Rf1 Qg6 21. Qe1 hxg3 22. e4 h4 $17 {Straat,E-Baklan,V/Vlissingen
op/1999/}) 11... Bh3 12. Rb1 Ne5 13. Nd5 Bxg2 14. Kxg2 Nxd5 15. cxd5 Nd7 16.
Bg5 Bf6 17. Bf4 O-O 18. Ne3 Ne5 19. Rc1 Qd7 20. Qd2 {Psakhis,L-Huzman,A/Haifa
act/2000/} Rfc8 21. Qa5 a6 22. Qb6 Ng4 $11 {Psakhis}) (10. b3 $6 h4 11. Bb2
hxg3 12. hxg3 Bh3 13. Bxh3 Rxh3 14. Nd5 Qd7 $1 (14... Nxd5 15. Bxg7 Nc7 16. Kg2
Qd7 $13 {/=/+}) 15. Nxf6+ Bxf6 16. Bxf6 exf6 17. Nd4 Ne5 (17... Rh5 $5 $40) 18.
Nf3 Nxf3+ 19. exf3 O-O-O 20. f4 Rdh8 $40 {Evdokimov,A-Livshits,G/EU-ch U14
Mureck/1998/}) 10... Nh7 11. Bf4 $146 (11. Be3 h4 12. Ne4 Nf6 13. Bg5 $6 Nxe4
14. Bxe4 hxg3 15. fxg3 Qa5 16. Qd2 Qxd2 17. Bxd2 b6 18. Rab1 Rc8 19. b3 Ne5 20.
Bc3 Bh3 21. Rfd1 Bg4 22. Bxe5 Bxe5 23. Bf3 Bf5 $17 {Lindemann,S-Kalinitschew,S/
BL2N 0102/2002/}) 11... Rc8 (11... h4 12. gxh4 (12. Qd2 Qa5 $13) 12... Bxc3 13.
bxc3 Nf8 14. Bg3 Ne6 $44) (11... Ne5 $5 12. Ne3 (12. c5 dxc5 13. Bxb7 Rb8 $13)
(12. Bxb7 Rb8 $15) 12... Bc6 $132) 12. Nd5 $5 {[%mdl 512] White bravely
decides to invest some material to get his [+] play going.} (12. Qd2 Qa5 $132)
12... h4 ({More critical was} 12... Na5 13. b3 $5 Bxa1 (13... e6 14. Ndb4 Bxa1
15. Qxa1 Qf6 16. Bxd6 $44) 14. Qxa1 f6 15. Be4 $13) 13. Qd2 Nf6 (13... Na5 14.
Na3 $5 (14. Nxe7 $6 Kxe7 (14... Nxc4 15. Nxc8 Nxd2 16. Nxd6+ Kf8 17. Bxd2 Qc7
18. Bb4 Qxc2 19. Nf5+ Kg8 20. Ne7+ $11) 15. Bxd6+ Ke8 $17) 14... Nxc4 15. Nxc4
Rxc4 16. Rac1 $44) 14. Nce3 h3 {Releasing the >> tension is inconsistent.} (
14... Nxd5 15. cxd5 Ne5 $13) (14... hxg3 $5) (14... Nh5 $142 $5 $13 {/|^>>})
15. Bf3 Nh5 16. Bxh5 $5 {White exchanges his fianchettoed B, but Black's K
will stay trapped in the [+].} Rxh5 17. g4 Rh8 (17... Rh4 18. Bg3 {only loses
time.} (18. Bg5 Rh7 $13 {/\} 19. Nxe7 Nxe7 20. Nd5 Rc5 $1 21. Bxe7 Rxd5 $17))
18. Rad1 ({White doesn't want to lose time for} 18. f3 $13 {[%csl Re8] |^עe8 ,
but now Black has serious <=> against the tactically vulnerable Kg1.}) 18...
Ne5 19. Qb4 (19. Bxe5 Bxe5 20. f4 Bg7 $13 {[%csl Gd7,Gg7] /=/+,^^}) 19... Nxg4
20. Nxg4 Bxg4 21. c5 $5 (21. Bg5 Bxe2 22. Rfe1 Rh5 $1 (22... Bxd1 $2 23. Bxe7
$18) 23. Rxe2 (23. Bxe7 $4 Rg5+ $1 24. Bxg5 Qxg5+ 25. Kh1 Qg2#) 23... Rxg5+ $17
) 21... Rxc5 {[%mdl 64] A safe decision, Black goes for an approximately equal
_|_. However, with hindsight (and computer assistance, of course!) it seems he
could have ventured the seemingly extremely risky} (21... Bxe2 $5 22. cxd6 (22.
Rfe1 Bxd1 23. Nxe7 Qd7 $1 (23... Qxe7 24. Bxd6 $16 {->}) 24. Bxd6 Kd8 $5 (24...
Qg4+ 25. Qxg4 Bxg4 26. Nxc8+ Kd7 27. Nxa7 Bf6 $13) 25. Rxd1 (25. Nxc8 Qc6 $19)
25... Rxc5 $3 $17) (22. Rde1 Rxc5 23. Rxe2 Rxd5 24. Qxb7 Rhh5 $17 {[%csl Rg1]
עg1}) 22... Bxd1 23. Nc7+ (23. Rxd1 Qd7 $17) (23. Qb5+ Rc6 $8 24. Qxb7 Ba4 $1
25. Nc7+ Kf8 26. dxe7+ Kxe7 27. Re1+ Kf8 28. Re8+ Qxe8 29. Qb4+ Kg8 30. Nxe8
Rh4 $1 $40) 23... Rxc7 (23... Kf8 24. dxe7+ Qxe7 25. Bd6 Rxc7 26. Bxe7+ Rxe7
27. Rxd1 Bf6 28. Rd7 Rh4 $11) 24. dxc7 Qc8 $8 (24... Qd7 $4 25. Qb5 $1 $18) 25.
Re1 Bf6 (25... Qg4+ $2 26. Bg3 $18) 26. Qd6 Kf8 27. Qxd1 Kg7 $13) 22. Qxc5 dxc5
23. Nc7+ Qxc7 24. Bxc7 f6 {[%mdl 4096] Black can't castle anymore! The _|_ is
quite sharp and if anyone can be better, it's still Black.} (24... f5 25. f3 {
[%csl Rg4] ץg4}) (24... Bd7 25. Rd2 Rh4 26. Rfd1 (26. e3 f5 $15) 26... Rd4 27.
e3 Rxd2 28. Rxd2 $11) 25. Rd8+ Kf7 26. Rxh8 Bxh8 27. Rc1 (27. f3 Be6 28. Rc1 f5
$15) 27... Bxe2 28. Rxc5 f5 29. b3 (29. Be5 $6 b6 30. Rc2 Bd1 31. Rd2 Bxe5 32.
Rxd1 Bxb2 $36) 29... Bf6 (29... a6 $11) 30. Be5 {[%cal Yf2f4] /\f4} g5 $6 {
An unfounded P-sacrifice.} (30... Bf3 $11) (30... b6 $5 31. Rc2 Bxe5 32. Rxe2
Bf4 {[%csl Rh2] is more ambitious, here the ><h2 forces White to seek <=> fast
with} 33. Rc2 g5 34. Rc8 $13) 31. Bb8 $1 f4 (31... a6 $5 32. Rxf5 Ke6 33. Rc5
Bf3 $14 {and it's very difficult to break Black's fortress. Dvoirys strives
for active <=> and gives a <<P instead.}) 32. Bxa7 Bf3 (32... Bd4 $143 33. Rc2
$16) 33. Bb8 Kg6 34. Be5 Bxe5 35. Rxe5 Kf6 36. Rc5 g4 37. a4 e5 38. a5 Ke6 39.
b4 Kd6 40. Rc3 Be2 (40... Bc6 $142 $5 $14 {was playable and maybe even better,
but Black wants to keep f1 under control and the Kg1 cut off.}) 41. Rc8 e4 42.
Rf8 Ke5 43. Rf7 Bf3 $2 (43... Ba6 $142 {was stronger, proving a clear-cut win
is still not so simple for White:} 44. b5 (44. Rg7 Kf5 {/\} 45. b5 Bxb5 46.
Rxb7 Bd3 47. Rb6 e3 48. fxe3 fxe3 49. a6 g3 50. hxg3 h2+ 51. Kxh2 e2 52. a7
e1=Q 53. a8=Q Qf2+ 54. Qg2 Qxb6 55. Qf3+ Kg5 $11) 44... Bxb5 45. Rxb7 Bd3 $1
46. Rb6 e3 47. fxe3 fxe3 48. Rh6 $1 (48. a6 g3 49. hxg3 h2+ 50. Kxh2 e2 51. Rb8
Be4 52. Re8+ Kd4 53. Rxe4+ Kxe4 54. a7 e1=Q 55. a8=Q+ Kf5 $11) 48... Bc4 49. a6
g3 50. hxg3 h2+ 51. Rxh2 Bxa6 $16 {/+/=}) 44. b5 $1 e3 45. fxe3 fxe3 46. a6 $18
e2 (46... bxa6 47. Rxf3 $1 (47. bxa6 $2 e2 48. Kf2 g3+ 49. hxg3 h2 $11) 47...
gxf3 48. bxa6 Ke4 49. a7 Kd3 50. a8=Q Ke2 51. Qa2+ Ke1 52. Qb1+ Kd2 (52... Ke2
53. Qc2+ Ke1 54. Qc1+ Ke2 55. Qf1+ $18) 53. Kf1 $18) 47. Re7+ (47. Kf2 $2 g3+
48. hxg3 (48. Kxf3 $2 gxh2 $1 $19) 48... h2 49. Rh7 h1=Q 50. Rxh1 Bxh1 $11)
47... Kd6 48. Rxe2 $1 bxa6 (48... Bxe2 49. a7 $18) 49. Rd2+ Kc5 50. bxa6 Kb6
51. Rd6+ Ka7 52. Kf2 Be4 53. Kg3 Bf3 54. Rg6 Be2 55. Rxg4 Kxa6 56. Kxh3 1-0